MARC

LEADER 00000nam0a2200000 4500
001 20895
005 20231101205402.0
035 |a (RuTPU)RU\TPU\book\21085 
035 |a BOOK00005774 
090 |a 20895 
100 |a 20011209d1964 km y0rusy50 ca 
101 0 |a rus 
102 |a RU 
105 |a a z 000zb 
200 1 |a Галилей  |f Б. Г. Кузнецов 
210 |a Москва  |c Наука  |d 1964 
215 |a 326 с.  |c ил. 
600 1 |a Галилей  |b Г.  |c итальянский учёный  |c один из основателей точного естествознания  |f 1564-1642  |g Галилео  |2 stltpush  |3 (RuTPU)RU\TPU\pers\94  |9 56 
606 1 |a Астрономы  |x Персоналии  |2 stltpush  |3 (RuTPU)RU\TPU\subj\72221  |9 85789 
610 1 |a история 
610 1 |a Италия 
610 1 |a 16 век 
610 1 |a 17 век 
675 |a 52(092)  |v 3 
700 1 |a Кузнецов  |b Б. Г.  |g Борис Григорьевич 
801 0 |a RU  |b 63413507  |c 20011209  |g PSBO 
801 2 |a RU  |b 63413507  |c 20221103  |g PSBO 
942 |c BK